[Event "TeamRussiawomen"]
[Site "?"]
[Date "2016.10.05"]
[Round "4.11"]
[White "Travkina, Anastasia"]
[Black "Vasilevich, Irina"]
[Result "1/2-1/2"]
[LiveChessVersion "1.4.4"]
[BlackElo "2230"]
[WhiteElo "2237"]

1. e4 {[%clk 0:15:19]} c5 {[%clk 0:15:18]} 2. Nf3 {[%clk 0:15:28]} e6
{[%clk 0:15:27]} 3. d4 {[%clk 0:15:36]} cxd4 {[%clk 0:15:34]} 4. Nxd4
{[%clk 0:15:44]} Nc6 {[%clk 0:15:43]} 5. Nc3 {[%clk 0:15:50]} Qc7
{[%clk 0:15:52]} 6. Be3 {[%clk 0:15:51]} Nf6 {[%clk 0:15:38]} 7. Nxc6
{[%clk 0:13:42]} bxc6 {[%clk 0:15:36]} 8. Bd3 {[%clk 0:12:47]} d5
{[%clk 0:15:05]} 9. O-O {[%clk 0:10:48]} Be7 {[%clk 0:12:41]} 10. Kh1
{[%clk 0:08:55]} Rb8 {[%clk 0:10:36]} 11. f4 {[%clk 0:07:18]} Rxb2
{[%clk 0:09:02]} 12. Bd4 {[%clk 0:07:09]} Rb4 {[%clk 0:09:01]} 13. Be5
{[%clk 0:06:58]} Qd8 {[%clk 0:08:38]} 14. a3 {[%clk 0:06:43]} Rb7
{[%clk 0:08:47]} 15. Qf3 {[%clk 0:05:11]} O-O {[%clk 0:05:32]} 16. Qh3
{[%clk 0:01:36]} g6 {[%clk 0:05:35]} 17. f5 {[%clk 0:01:21]} exf5
{[%clk 0:04:42]} 18. exf5 {[%clk 0:01:30]} Nh5 {[%clk 0:03:40]} 19. Qf3
{[%clk 0:01:26]} Bf6 {[%clk 0:03:37]} 20. Bxf6 {[%clk 0:00:54]} Qxf6
{[%clk 0:03:35]} 21. fxg6 {[%clk 0:00:48]} fxg6 {[%clk 0:03:37]} 22. Qe3
{[%clk 0:00:32]} Qxc3 {[%clk 0:03:11]} 23. Rxf8+ {[%clk 0:00:38]} Kxf8
{[%clk 0:03:19]} 24. Rf1+ {[%clk 0:00:45]} Bf5 {[%clk 0:02:50]} 25. g4
{[%clk 0:00:51]} Ng7 {[%clk 0:02:18]} 26. gxf5 {[%clk 0:00:54]} gxf5
{[%clk 0:01:26]} 27. Qh6 {[%clk 0:01:03]} Kg8 {[%clk 0:01:05]} 28. Rg1
{[%clk 0:01:08]} Rf7 {[%clk 0:01:02]} 29. Qe6 {[%clk 0:01:08]} Qf6
{[%clk 0:00:48]} 30. Qc8+ {[%clk 0:01:00]} Rf8 {[%clk 0:00:57]} 31. Qd7
{[%clk 0:01:08]} Kh8 {[%clk 0:00:49]} 32. Qxa7 {[%clk 0:01:01]} Ne6
{[%clk 0:00:41]} 33. Qe3 {[%clk 0:00:42]} c5 {[%clk 0:00:43]} 34. Rf1
{[%clk 0:00:35]} f4 {[%clk 0:00:38]} 35. Qh3 {[%clk 0:00:41]} Ng5
{[%clk 0:00:45]} 36. Qh5 {[%clk 0:00:41]} c4 {[%clk 0:00:51]} 37. h4
{[%clk 0:00:23]} cxd3 {[%clk 0:00:48]} 38. hxg5 {[%clk 0:00:32]} Qf5
{[%clk 0:00:44]} 39. cxd3 {[%clk 0:00:38]} Qxd3 {[%clk 0:00:48]} 40. Rf3
{[%clk 0:00:33]} Qd1+ {[%clk 0:00:40]} 41. Kg2 {[%clk 0:00:36]} Rc8
{[%clk 0:00:39]} 42. Kh3 {[%clk 0:00:25]} Qh1+ {[%clk 0:00:19]} 43. Kg4
{[%clk 0:00:34]} Qg2+ {[%clk 0:00:28]} 44. Kh4 {[%clk 0:00:32]} Rf8
{[%clk 0:00:23]} 45. Qh6 {[%clk 0:00:24]} Qh1+ {[%clk 0:00:20]} 46. Kg4
{[%clk 0:00:34]} Qg2+ {[%clk 0:00:22]} 47. Kh4 {[%clk 0:00:43]} Qh1+
{[%clk 0:00:20]} 48. Kg4 {[%clk 0:00:52]} Qg2+ {[%clk 0:00:25]} 49. Kh4
{[%clk 0:01:01]} 1/2-1/2

[Event "TeamRussiawomen"]
[Site "?"]
[Date "2016.10.05"]
[Round "4.12"]
[White "Gvanceladze, Anna"]
[Black "Belenkaya, Dina"]
[Result "1/2-1/2"]
[LiveChessVersion "1.4.4"]
[BlackElo "2172"]
[WhiteElo "2140"]

1. d4 {[%clk 0:15:18]} d5 {[%clk 0:15:19]} 2. Nf3 {[%clk 0:15:26]} Nf6
{[%clk 0:15:28]} 3. c4 {[%clk 0:15:34]} dxc4 {[%clk 0:15:36]} 4. e3
{[%clk 0:15:43]} e6 {[%clk 0:15:43]} 5. Bxc4 {[%clk 0:15:51]} c5 {[%clk 0:15:50]}
6. O-O {[%clk 0:15:59]} a6 {[%clk 0:15:58]} 7. dxc5 {[%clk 0:15:58]} Bxc5
{[%clk 0:16:03]} 8. Qxd8+ {[%clk 0:15:54]} Kxd8 {[%clk 0:16:11]} 9. Nbd2
{[%clk 0:14:39]} Ke7 {[%clk 0:14:04]} 10. Nb3 {[%clk 0:14:47]} Bd6
{[%clk 0:13:28]} 11. Rd1 {[%clk 0:14:17]} Nc6 {[%clk 0:12:30]} 12. Bd2
{[%clk 0:14:17]} Bd7 {[%clk 0:09:23]} 13. Na5 {[%clk 0:12:00]} Nxa5
{[%clk 0:08:43]} 14. Bxa5 {[%clk 0:12:08]} Rhc8 {[%clk 0:07:48]} 15. Bb3
{[%clk 0:11:43]} Ne4 {[%clk 0:06:59]} 16. Nd2 {[%clk 0:07:41]} Nxd2
{[%clk 0:05:14]} 17. Rxd2 {[%clk 0:06:34]} Bc5 {[%clk 0:04:59]} 18. Rad1
{[%clk 0:06:15]} Be8 {[%clk 0:04:31]} 19. Bc3 {[%clk 0:05:15]} f6
{[%clk 0:03:19]} 20. h3 {[%clk 0:04:35]} h6 {[%clk 0:02:58]} 21. Ba5
{[%clk 0:04:20]} b6 {[%clk 0:02:32]} 22. Bc3 {[%clk 0:04:27]} Ra7
{[%clk 0:02:37]} 23. Kh2 {[%clk 0:04:20]} Rd7 {[%clk 0:02:38]} 24. Rxd7+
{[%clk 0:04:21]} Bxd7 {[%clk 0:02:46]} 25. Kg1 {[%clk 0:03:39]} Bd6
{[%clk 0:02:46]} 26. Kf1 {[%clk 0:03:27]} Bb5+ {[%clk 0:02:46]} 27. Ke1
{[%clk 0:03:33]} Bc4 {[%clk 0:02:47]} 28. Bxc4 {[%clk 0:03:34]} Rxc4
{[%clk 0:02:55]} 29. Rd4 {[%clk 0:03:26]} Rxd4 {[%clk 0:02:46]} 30. Bxd4
{[%clk 0:03:34]} b5 {[%clk 0:02:35]} 31. Ke2 {[%clk 0:03:31]} h5 {[%clk 0:02:40]}
32. e4 {[%clk 0:03:33]} g6 {[%clk 0:02:26]} 33. Kd3 {[%clk 0:03:39]} f5
{[%clk 0:02:10]} 34. exf5 {[%clk 0:03:39]} exf5 {[%clk 0:02:18]} 35. Be3
{[%clk 0:02:32]} Be5 {[%clk 0:02:24]} 36. b3 {[%clk 0:02:33]} Ke6
{[%clk 0:02:32]} 37. a4 {[%clk 0:02:33]} bxa4 {[%clk 0:01:51]} 38. bxa4
{[%clk 0:02:41]} Kd5 {[%clk 0:01:57]} 39. f3 {[%clk 0:02:39]} Bd6
{[%clk 0:02:02]} 40. Kc3 {[%clk 0:02:34]} Bg3 {[%clk 0:01:52]} 41. Kd3
{[%clk 0:01:54]} Be1 {[%clk 0:01:54]} 42. Bg1 {[%clk 0:01:50]} Ba5
{[%clk 0:01:57]} 43. Be3 {[%clk 0:01:49]} Bd8 {[%clk 0:02:01]} 44. Bg1
{[%clk 0:01:55]} Be7 {[%clk 0:02:00]} 45. Be3 {[%clk 0:02:00]} Bf6
{[%clk 0:01:50]} 46. Bf2 {[%clk 0:02:07]} Bg5 {[%clk 0:01:56]} 47. Bg1
{[%clk 0:02:14]} Bh4 {[%clk 0:02:04]} 48. Be3 {[%clk 0:02:22]} Bg3
{[%clk 0:02:11]} 49. Bg1 {[%clk 0:02:28]} Bc7 {[%clk 0:02:17]} 50. Be3
{[%clk 0:02:35]} Bd8 {[%clk 0:01:48]} 51. Bg1 {[%clk 0:02:42]} Bf6
{[%clk 0:01:55]} 52. Be3 {[%clk 0:02:32]} Bh4 {[%clk 0:01:59]} 53. Bg1
{[%clk 0:02:24]} Bg3 {[%clk 0:01:35]} 54. Be3 {[%clk 0:02:30]} Be1
{[%clk 0:01:08]} 55. Bg1 {[%clk 0:02:36]} Ba5 {[%clk 0:01:13]} 56. Be3
{[%clk 0:02:43]} Bd8 {[%clk 0:01:20]} 57. Bf2 {[%clk 0:02:49]} Be7
{[%clk 0:01:22]} 58. Be3 {[%clk 0:02:56]} Bf6 {[%clk 0:01:27]} 59. Bf2
{[%clk 0:03:03]} Bg5 {[%clk 0:01:29]} 60. Bg1 {[%clk 0:03:10]} Bf6
{[%clk 0:01:28]} 1/2-1/2

[Event "TeamRussiawomen"]
[Site "?"]
[Date "2016.10.06"]
[Round "5.1"]
[White "Sukhareva, Evgeniya"]
[Black "Bodnaruk, Anastasia"]
[Result "0-1"]
[LiveChessVersion "1.4.4"]
[BlackElo "2487"]
[WhiteElo "2307"]

1. d4 {[%clk 0:15:18]} Nf6 {[%clk 0:15:19]} 2. c4 g6 3. Nc3 {[%clk 0:15:33]} Bg7
{[%clk 0:15:38]} 4. e4 {[%clk 0:15:36]} d6 {[%clk 0:15:43]} 5. f3
{[%clk 0:15:44]} O-O {[%clk 0:15:50]} 6. Bg5 {[%clk 0:15:51]} c5 {[%clk 0:15:49]}
7. d5 {[%clk 0:15:59]} a6 {[%clk 0:15:54]} 8. Qd2 {[%clk 0:14:47]} b5
{[%clk 0:15:39]} 9. cxb5 {[%clk 0:14:37]} Qa5 {[%clk 0:15:48]} 10. a4
{[%clk 0:10:11]} Nbd7 {[%clk 0:15:56]} 11. Ra3 {[%clk 0:08:41]} Ne5
{[%clk 0:14:10]} 12. f4 {[%clk 0:05:43]} Ned7 {[%clk 0:14:19]} 13. Nf3
{[%clk 0:05:33]} Qb4 {[%clk 0:13:30]} 14. Bd3 {[%clk 0:04:16]} axb5
{[%clk 0:11:51]} 15. Bxb5 {[%clk 0:01:58]} h6 {[%clk 0:09:17]} 16. Bh4
{[%clk 0:01:55]} Nxe4 {[%clk 0:08:31]} 17. Nxe4 {[%clk 0:02:01]} Qxe4+
{[%clk 0:08:40]} 18. Kf2 {[%clk 0:01:54]} Nf6 {[%clk 0:07:12]} 19. Re1
{[%clk 0:01:55]} Qf5 {[%clk 0:06:58]} 20. Kg1 {[%clk 0:01:43]} Bb7
{[%clk 0:06:05]} 21. Rxe7 {[%clk 0:01:03]} Bxd5 {[%clk 0:05:05]} 22. Bd3
{[%clk 0:00:30]} Qc8 {[%clk 0:04:06]} 23. Bb5 {[%clk 0:00:25]} Qf5
{[%clk 0:01:54]} 24. h3 {[%clk 0:00:17]} c4 {[%clk 0:01:05]} 25. Nd4
{[%clk 0:00:15]} Qh5 {[%clk 0:00:51]} 26. Bf2 {[%clk 0:00:16]} Ne4
{[%clk 0:00:40]} 27. Rxe4 {[%clk 0:00:16]} Bxe4 {[%clk 0:00:49]} 28. Nc6
{[%clk 0:00:19]} Rfe8 {[%clk 0:00:41]} 29. Nd4 {[%clk 0:00:21]} Rec8
{[%clk 0:00:30]} 30. Re3 {[%clk 0:00:29]} Qd5 {[%clk 0:00:32]} 31. Rg3
{[%clk 0:00:24]} Rc7 32. Be3 {[%clk 0:00:27]} Kh7 {[%clk 0:00:34]} 33. Kh2
{[%clk 0:00:28]} Rac8 {[%clk 0:00:32]} 34. Ba6 {[%clk 0:00:35]} Rb8
{[%clk 0:00:35]} 35. Bb5 {[%clk 0:00:43]} Bd3 {[%clk 0:00:41]} 36. Qf2
{[%clk 0:00:35]} Qe4 {[%clk 0:00:30]} 37. Nf3 {[%clk 0:00:31]} Re7
{[%clk 0:00:29]} 38. Nd2 {[%clk 0:00:31]} Qd5 {[%clk 0:00:34]} 39. Nf3
{[%clk 0:00:29]} Rxb5 {[%clk 0:00:28]} 40. axb5 {[%clk 0:00:37]} Qxb5
{[%clk 0:00:38]} 41. Nd4 Qd5 42. Nf3 {[%clk 0:00:40]} Rb7 {[%clk 0:00:46]} 43.
Nd4 {[%clk 0:00:44]} Qe4 {[%clk 0:00:45]} 44. h4 {[%clk 0:00:32]} Rb8
{[%clk 0:00:32]} 45. Rh3 {[%clk 0:00:34]} Ra8 {[%clk 0:00:26]} 46. Rg3
{[%clk 0:00:29]} Ra1 {[%clk 0:00:34]} 47. Nf3 {[%clk 0:00:17]} d5
{[%clk 0:00:18]} 48. h5 {[%clk 0:00:21]} Qe7 {[%clk 0:00:18]} 49. hxg6+
{[%clk 0:00:29]} fxg6 {[%clk 0:00:28]} 50. Ne5 {[%clk 0:00:23]} Qh4+
{[%clk 0:00:20]} 51. Rh3 {[%clk 0:00:27]} Qxf2 {[%clk 0:00:26]} 52. Bxf2
{[%clk 0:00:35]} Be4 {[%clk 0:00:29]} 53. Ra3 {[%clk 0:00:15]} Rxa3
{[%clk 0:00:23]} 54. bxa3 {[%clk 0:00:24]} c3 {[%clk 0:00:19]} 55. Bd4
{[%clk 0:00:31]} c2 {[%clk 0:00:27]} 56. Bb2 {[%clk 0:00:40]} d4 {[%clk 0:00:22]}
57. Bc1 {[%clk 0:00:44]} Bf8 {[%clk 0:00:22]} 58. Nd7 {[%clk 0:00:46]} Be7
{[%clk 0:00:28]} 59. Kg3 {[%clk 0:00:24]} d3 {[%clk 0:00:36]} 60. Kf2
{[%clk 0:00:26]} Bxa3 {[%clk 0:00:33]} 61. Bd2 {[%clk 0:00:15]} Bf5
{[%clk 0:00:32]} 62. Ne5 {[%clk 0:00:12]} c1=Q {[%clk 0:00:25]} 63. Bxc1
{[%clk 0:00:21]} Bxc1 {[%clk 0:00:34]} 64. Nf3 {[%clk 0:00:11]} d2
{[%clk 0:00:36]} 65. Ke2 {[%clk 0:00:15]} Bg4 {[%clk 0:00:43]} 0-1

[Event "TeamRussiawomen"]
[Site "?"]
[Date "2016.10.06"]
[Round "5.2"]
[White "Ovod, Evgenija"]
[Black "Tomilova, Elena"]
[Result "1/2-1/2"]
[LiveChessVersion "1.4.4"]
[BlackElo "2241"]
[WhiteElo "2243"]

1. d4 {[%clk 0:15:19]} Nf6 {[%clk 0:15:18]} 2. Bg5 {[%clk 0:15:27]} e6
{[%clk 0:15:24]} 3. e3 {[%clk 0:15:34]} h6 {[%clk 0:15:28]} 4. Bh4
{[%clk 0:15:42]} b6 {[%clk 0:15:06]} 5. c4 {[%clk 0:15:18]} Bb7 {[%clk 0:15:04]}
6. Nc3 {[%clk 0:15:27]} Be7 {[%clk 0:14:37]} 7. f3 {[%clk 0:15:19]} c5
{[%clk 0:13:57]} 8. Bd3 {[%clk 0:15:19]} cxd4 {[%clk 0:13:51]} 9. exd4
{[%clk 0:15:27]} d5 {[%clk 0:13:47]} 10. Nge2 {[%clk 0:14:54]} O-O
{[%clk 0:13:00]} 11. O-O {[%clk 0:14:50]} dxc4 {[%clk 0:12:57]} 12. Bxc4
{[%clk 0:14:58]} Nbd7 {[%clk 0:11:37]} 13. Qd3 {[%clk 0:11:37]} Nd5
{[%clk 0:07:03]} 14. Bf2 {[%clk 0:11:36]} N7f6 {[%clk 0:06:32]} 15. a3
{[%clk 0:09:44]} a6 {[%clk 0:06:26]} 16. Ne4 {[%clk 0:08:53]} Qd7
{[%clk 0:05:31]} 17. Rfe1 {[%clk 0:07:05]} Rfd8 {[%clk 0:05:27]} 18. Rad1
{[%clk 0:07:13]} Bf8 {[%clk 0:05:03]} 19. Ba2 {[%clk 0:07:10]} Rac8
{[%clk 0:04:37]} 20. Bh4 {[%clk 0:06:49]} Be7 {[%clk 0:04:36]} 21. Bg3
{[%clk 0:05:14]} Nh5 {[%clk 0:03:06]} 22. Bb1 {[%clk 0:05:04]} f5
{[%clk 0:02:56]} 23. Nd2 {[%clk 0:04:18]} Nxg3 {[%clk 0:03:00]} 24. hxg3
{[%clk 0:04:11]} Bf6 {[%clk 0:03:05]} 1/2-1/2

[Event "TeamRussiawomen"]
[Site "?"]
[Date "2016.10.06"]
[Round "5.3"]
[White "Drozdova, Dina"]
[Black "Travkina, Anastasia"]
[Result "1-0"]
[LiveChessVersion "1.4.4"]
[BlackElo "2237"]
[WhiteElo "2244"]

1. d4 {[%clk 0:15:18]} d5 {[%clk 0:15:20]} 2. c4 {[%clk 0:15:25]} c6
{[%clk 0:15:29]} 3. cxd5 {[%clk 0:15:32]} cxd5 {[%clk 0:15:38]} 4. Nc3
{[%clk 0:15:40]} Nf6 {[%clk 0:15:47]} 5. Nf3 {[%clk 0:15:46]} Nc6
{[%clk 0:15:54]} 6. Bf4 {[%clk 0:15:24]} Nh5 {[%clk 0:16:01]} 7. Be5
{[%clk 0:13:54]} f6 {[%clk 0:16:10]} 8. Bg3 {[%clk 0:14:03]} Bg4 {[%clk 0:16:18]}
9. e3 {[%clk 0:14:06]} e6 {[%clk 0:14:10]} 10. Rc1 {[%clk 0:12:30]} Nxg3
{[%clk 0:10:30]} 11. hxg3 {[%clk 0:12:39]} g6 {[%clk 0:10:26]} 12. Qb3
{[%clk 0:11:58]} Bxf3 {[%clk 0:10:02]} 13. gxf3 {[%clk 0:12:06]} Qd7
{[%clk 0:08:27]} 14. Bh3 {[%clk 0:10:53]} Rc8 {[%clk 0:07:37]} 15. O-O
{[%clk 0:10:16]} f5 {[%clk 0:06:29]} 16. Na4 {[%clk 0:08:13]} Kf7
{[%clk 0:06:32]} 17. Qb5 {[%clk 0:04:05]} Rc7 {[%clk 0:05:00]} 18. Rfd1
{[%clk 0:03:38]} Be7 {[%clk 0:02:38]} 19. Nc5 {[%clk 0:02:13]} Bxc5
{[%clk 0:02:42]} 20. Rxc5 {[%clk 0:02:22]} Rhc8 {[%clk 0:02:14]} 21. Rdc1
{[%clk 0:02:26]} Ke7 {[%clk 0:01:45]} 22. Bf1 {[%clk 0:02:13]} h5
{[%clk 0:01:37]} 23. Qa4 {[%clk 0:01:48]} a6 {[%clk 0:01:08]} 24. Qa3
{[%clk 0:01:41]} Kf7 {[%clk 0:01:15]} 25. b4 {[%clk 0:01:46]} Ne7
{[%clk 0:00:56]} 26. Qc3 {[%clk 0:01:13]} Rxc5 {[%clk 0:00:58]} 27. bxc5 g5
{[%clk 0:00:43]} 28. Rb1 {[%clk 0:01:22]} g4 {[%clk 0:00:41]} 29. fxg4
{[%clk 0:01:07]} hxg4 {[%clk 0:00:43]} 30. Qb3 {[%clk 0:01:16]} Rc7
{[%clk 0:00:50]} 31. Qb6 {[%clk 0:01:07]} Nc6 {[%clk 0:00:57]} 32. Bd3
{[%clk 0:01:07]} Kf6 {[%clk 0:00:56]} 33. Kg2 {[%clk 0:01:12]} Nd8
{[%clk 0:00:33]} 34. Rh1 {[%clk 0:01:15]} Kg7 {[%clk 0:00:39]} 35. Qb1
{[%clk 0:01:14]} Nf7 {[%clk 0:00:48]} 36. Rh5 {[%clk 0:01:19]} Kf6
{[%clk 0:00:47]} 37. Qh1 {[%clk 0:01:26]} Qa4 {[%clk 0:00:43]} 38. Qh4+
{[%clk 0:01:33]} Kg6 {[%clk 0:00:48]} 39. Qxg4+ {[%clk 0:01:38]} Kf6
{[%clk 0:00:55]} 40. Qh4+ {[%clk 0:01:45]} Kg6 {[%clk 0:01:04]} 41. Qg4+
{[%clk 0:01:18]} Kf6 {[%clk 0:01:12]} 42. Qh4+ {[%clk 0:01:25]} Kg6
{[%clk 0:01:22]} 43. Qg4+ {[%clk 0:01:34]} Kf6 {[%clk 0:01:31]} 44. Qh4+
{[%clk 0:01:42]} Kg6 {[%clk 0:01:40]} 45. Qg4+ {[%clk 0:01:39]} Kf6
{[%clk 0:01:49]} 46. Bxf5 {[%clk 0:01:48]} exf5 {[%clk 0:01:49]} 47. Qxf5+
{[%clk 0:01:57]} Ke7 {[%clk 0:01:58]} 48. Rh7 {[%clk 0:02:05]} Qe8
{[%clk 0:01:58]} 49. Qxd5 {[%clk 0:02:01]} Kf8 {[%clk 0:01:25]} 50. g4
{[%clk 0:02:05]} Qc6 {[%clk 0:01:34]} 51. Qxc6 {[%clk 0:02:13]} Rxc6
{[%clk 0:01:37]} 52. f4 b6 {[%clk 0:01:44]} 53. cxb6 {[%clk 0:02:28]} Rxb6
{[%clk 0:01:52]} 54. g5 {[%clk 0:02:33]} Kg8 {[%clk 0:01:53]} 55. Rh1
{[%clk 0:02:36]} Rb2+ {[%clk 0:01:09]} 56. Kf3 {[%clk 0:02:45]} Rxa2 57. Rb1
{[%clk 0:02:49]} a5 {[%clk 0:01:23]} 58. Rb6 {[%clk 0:02:58]} a4 {[%clk 0:01:26]}
59. Ke4 {[%clk 0:02:57]} a3 {[%clk 0:01:28]} 60. Kf5 {[%clk 0:03:06]} Rb2
{[%clk 0:01:09]} 61. Ra6 {[%clk 0:03:12]} a2 {[%clk 0:01:12]} 62. d5
{[%clk 0:02:46]} Nd6+ {[%clk 0:00:31]} 63. Kg6 {[%clk 0:02:52]} Ne8
{[%clk 0:00:28]} 64. Ra8 {[%clk 0:02:55]} Kf8 {[%clk 0:00:30]} 65. f5
{[%clk 0:03:04]} Ke7 {[%clk 0:00:12]} 66. f6+ {[%clk 0:03:12]} Nxf6
{[%clk 0:00:12]} 67. gxf6+ {[%clk 0:03:21]} Kd6 {[%clk 0:00:21]} 68. f7
{[%clk 0:03:05]} Rg2+ {[%clk 0:00:29]} 69. Kh6 {[%clk 0:03:11]} Rh2+
{[%clk 0:00:35]} 70. Kg7 {[%clk 0:03:20]} Rg2+ {[%clk 0:00:43]} 71. Kf8
{[%clk 0:03:09]} Re2 {[%clk 0:00:52]} 72. e4 {[%clk 0:03:05]} Kc5
{[%clk 0:00:42]} 73. Kg7 {[%clk 0:03:06]} Rg2+ {[%clk 0:00:36]} 74. Kf6
{[%clk 0:03:15]} Kd4 {[%clk 0:00:39]} 75. f8=Q {[%clk 0:03:15]} Rf2+
{[%clk 0:00:36]} 76. Ke5+ 1-0

[Event "TeamRussiawomen"]
[Site "?"]
[Date "2016.10.06"]
[Round "5.4"]
[White "Belenkaya, Dina"]
[Black "Baraeva, Marina"]
[Result "1/2-1/2"]
[LiveChessVersion "1.4.4"]
[BlackElo "2240"]
[WhiteElo "2172"]

1. e4 {[%clk 0:15:18]} e6 {[%clk 0:15:16]} 2. d4 {[%clk 0:15:26]} d5
{[%clk 0:15:25]} 3. Nd2 {[%clk 0:15:35]} c5 {[%clk 0:15:32]} 4. Ngf3
{[%clk 0:15:06]} cxd4 {[%clk 0:14:59]} 5. exd5 {[%clk 0:14:36]} Qxd5
{[%clk 0:14:48]} 6. Bc4 {[%clk 0:14:38]} Qd6 {[%clk 0:14:57]} 7. O-O
{[%clk 0:14:30]} Nf6 {[%clk 0:15:05]} 8. Nb3 {[%clk 0:14:16]} Nc6
{[%clk 0:15:12]} 9. Nbxd4 {[%clk 0:13:22]} Nxd4 {[%clk 0:15:20]} 10. Nxd4
{[%clk 0:13:27]} a6 {[%clk 0:15:28]} 11. c3 {[%clk 0:11:38]} Qc7 {[%clk 0:15:32]}
12. Bd3 {[%clk 0:11:37]} Bd6 {[%clk 0:14:43]} 13. h3 {[%clk 0:11:31]} O-O
{[%clk 0:09:42]} 14. Bg5 {[%clk 0:11:26]} Nd5 {[%clk 0:09:09]} 15. Qh5
{[%clk 0:09:58]} f5 {[%clk 0:08:17]} 16. Qe2 {[%clk 0:05:41]} Qf7
{[%clk 0:05:47]} 17. Nf3 {[%clk 0:04:08]} Nf4 {[%clk 0:03:28]} 18. Bxf4
{[%clk 0:04:15]} Bxf4 {[%clk 0:03:37]} 19. Rfe1 {[%clk 0:04:00]} Qf6
{[%clk 0:02:11]} 20. Ne5 {[%clk 0:04:01]} Bxe5 {[%clk 0:02:10]} 21. Qxe5
{[%clk 0:04:09]} Qxe5 {[%clk 0:02:18]} 22. Rxe5 {[%clk 0:04:18]} Kf7
{[%clk 0:02:22]} 23. Bc4 {[%clk 0:04:24]} Kf6 {[%clk 0:02:31]} 24. Rae1
{[%clk 0:04:33]} Re8 {[%clk 0:02:37]} 25. a4 {[%clk 0:02:48]} Bd7
{[%clk 0:02:12]} 26. a5 {[%clk 0:02:56]} Rad8 {[%clk 0:02:14]} 27. f4
{[%clk 0:02:41]} h5 {[%clk 0:01:38]} 28. h4 {[%clk 0:02:33]} Bc8 {[%clk 0:01:42]}
29. R1e2 {[%clk 0:02:39]} Rd6 {[%clk 0:01:40]} 30. Kf2 {[%clk 0:02:41]} Bd7
{[%clk 0:01:42]} 31. Ke1 {[%clk 0:01:44]} Rc8 {[%clk 0:01:48]} 32. Bb3
{[%clk 0:01:47]} Rd8 {[%clk 0:01:47]} 33. R5e3 {[%clk 0:01:25]} Bc8
{[%clk 0:01:40]} 34. Re5 {[%clk 0:01:24]} Bd7 {[%clk 0:01:48]} 35. R2e3
{[%clk 0:01:22]} Rc8 {[%clk 0:01:48]} 36. Bd1 {[%clk 0:01:15]} g6
{[%clk 0:01:54]} 37. Bb3 {[%clk 0:01:20]} Rd8 {[%clk 0:02:02]} 38. Rc5
{[%clk 0:01:25]} Bc6 {[%clk 0:02:07]} 39. Re2 {[%clk 0:01:04]} Bb5
{[%clk 0:01:17]} 40. Ree5 {[%clk 0:01:01]} Bc6 {[%clk 0:01:22]} 41. g3
{[%clk 0:01:07]} R8d7 {[%clk 0:00:44]} 42. Re2 {[%clk 0:01:14]} Rd8
{[%clk 0:00:52]} 43. Bc2 {[%clk 0:01:10]} Rd5 {[%clk 0:00:35]} 44. Rxd5
{[%clk 0:01:11]} Rxd5 {[%clk 0:00:42]} 45. Bb3 {[%clk 0:01:05]} Rd6
{[%clk 0:00:50]} 46. Re5 {[%clk 0:01:11]} Be4 {[%clk 0:00:36]} 47. Bc4
{[%clk 0:01:14]} Rc6 {[%clk 0:00:35]} 48. b3 {[%clk 0:01:21]} Ke7
{[%clk 0:00:31]} 49. Ke2 {[%clk 0:01:25]} Kd7 {[%clk 0:00:28]} 50. Ke3
{[%clk 0:01:33]} Ke7 {[%clk 0:00:32]} 51. Kd4 {[%clk 0:01:33]} Kd7
{[%clk 0:00:23]} 52. Be2 {[%clk 0:01:34]} Rd6+ {[%clk 0:00:24]} 53. Ke3
{[%clk 0:01:29]} Bd5 {[%clk 0:00:26]} 54. c4 {[%clk 0:01:33]} Be4
{[%clk 0:00:34]} 55. b4 {[%clk 0:01:38]} Ke7 {[%clk 0:00:13]} 56. Rc5
{[%clk 0:00:53]} Kd7 {[%clk 0:00:17]} 57. Re5 {[%clk 0:00:43]} b6
{[%clk 0:00:23]} 58. c5 {[%clk 0:00:38]} bxc5 {[%clk 0:00:28]} 59. bxc5
{[%clk 0:00:42]} Rc6 {[%clk 0:00:31]} 60. Bd1 {[%clk 0:00:43]} Ke7
{[%clk 0:00:35]} 61. Bb3 {[%clk 0:00:47]} Bg2 {[%clk 0:00:32]} 62. Kd4
{[%clk 0:00:54]} Be4 {[%clk 0:00:39]} 63. Kc3 {[%clk 0:01:00]} Bf3
{[%clk 0:00:42]} 64. Kb4 {[%clk 0:01:03]} Be4 {[%clk 0:00:48]} 65. Kc3
{[%clk 0:00:57]} Bf3 {[%clk 0:00:46]} 66. Bc4 {[%clk 0:01:02]} Be4
{[%clk 0:00:50]} 67. Kd4 {[%clk 0:01:11]} Kf6 {[%clk 0:00:49]} 68. Bb3
{[%clk 0:01:15]} Ke7 {[%clk 0:00:58]} 69. Kc3 {[%clk 0:01:14]} Kf6
{[%clk 0:00:56]} 70. Bc4 {[%clk 0:00:58]} Ke7 {[%clk 0:01:04]} 71. Bd3
{[%clk 0:01:04]} Bxd3 {[%clk 0:00:39]} 72. Kxd3 {[%clk 0:01:12]} Rc8
{[%clk 0:00:49]} 73. Kc4 {[%clk 0:01:20]} Rb8 {[%clk 0:00:58]} 74. c6
{[%clk 0:01:27]} Kd6 {[%clk 0:01:03]} 75. Kd4 {[%clk 0:01:06]} Rb4+
{[%clk 0:00:54]} 76. Kc3 {[%clk 0:01:15]} Rb8 {[%clk 0:00:50]} 77. Kd4
{[%clk 0:01:23]} Rb4+ {[%clk 0:00:24]} 78. Kc3 {[%clk 0:01:30]} Rb8
{[%clk 0:00:33]} 79. Kd4 {[%clk 0:01:37]} Rb4+ {[%clk 0:00:18]} 80. Kc3
{[%clk 0:01:46]} Rb8 {[%clk 0:00:21]} 81. Kd4 {[%clk 0:01:39]} Rb4+
{[%clk 0:00:16]} 82. Kc3 {[%clk 0:01:45]} Rb8 {[%clk 0:00:21]} 83. Kd4
{[%clk 0:01:46]} Rc8 84. Rc5 Kd5+ 1/2-1/2